色の名前の漢字が入る苗字1位 - Statistics

General Stats
  • This quiz has been taken 741 times
  • The average score is 8 of 21
Answer Stats
入る漢字 苗字 % Correct
桜井
76%
黒田
74%
佐藤
72%
青木
71%
紺野
58%
栗原
54%
桃井
46%
金子
43%
清水
42%
緑川
39%
白石
39%
土屋
32%
茶谷
26%
紅林
25%
赤松
17%
柿沼
16%
白銀
14%
藍原
12%
灰野
6%
紫藤
5%
空閑
1%
No matching quizzes found
Score Distribution
Percent of People with Each Score
Percentile by Number Answered
Your Score History
You have not taken this quiz